Statistics for Walt Disney World: Hollywood Studios Rides!

Click here to take the quiz!

General Stats

  • This quiz has been taken 618 times
  • The average score is 5 of 10

Answer Stats

HintAnswer% Correct
Take a trip to the Twilight Zone in the Hollywood Hotel!The Twilight Zone Tower of Terror
96%
Take a journey through the world of Star Wars with C-3PO and R2-D2Star Tours
85%
Have a fun time playing carnival games with Toy Story Characters!Toy Story Mania
69%
Take a ride in a super-stretch limo to an Aerosmith concert!Rock 'n' Roller Coaster
68%
Experience a whole genre of movies including Alien and Indiana Jones!The Great Movie Ride
63%
Have a 3-D adventure through the Muppet Labs (I'm sure nothing will happen)Muppet Vision 3-D
46%
Have a chance to experience American Idol!The American Idol Experience
35%
Watch Indiana Jones take on many challenges!Indiana Jones Epic Stunt Spectacular
29%
Learn how the motor stunts are done on the big screen!Lights, Motors, Action, Extreme Stunt Show
24%
Take a tour of the backlots of Hollywood Studios!Studio Backlot Tour
18%

Score Distribution

Percentile by Number Answered

Percent of People with Each Score

Your Score History

You have not taken this quiz